000 00614nam a2200217Ia 4500
005 20241129105822.0
008 241129s9999||||xx |||||||||||||| ||und||
020 _a978-93-89386-10-3
037 _aTB
040 _aARTS
_beng
_cARTS
041 _aeng
_2eng
084 _aQ4 R2
_qARTS
100 _aHuong Bhikkhuni Gioi Au.
245 0 _aTake refuge in the three jewels and keep the five precepts
_cHuong Bhikkhuni Gioi Au.
260 _aDelhi, India
_bEastern Book Linkers
_c2022
300 _a105p.
365 _aINR
_b300
650 _aBuddhism
942 _cTB
_hQ4 R2
999 _c1226135
_d1226135